La educación estética del hombre

I tiakina i:
Ngā taipitopito rārangi puna kōrero
Kaituhi matua: Schiller, Johann Christoph Friedrich (Author)
Hōputu: Pukapuka
Reo:Pāniora
I whakaputaina: Madrid Espasa Calpe 1968
Putanga:4a. ed
Rangatū:Colección Austral, 237
Ngā marau:
Ngā Tūtohu: Tāpirihia he Tūtohu
Kāore He Tūtohu, Me noho koe te mea tuatahi ki te tūtohu i tēnei pūkete!

MARC

LEADER 00000cam a2200000 a 4500
001 UCE6408
003 CL-VaPUC
008 150409e19680424sp |||||||||||||||||spa|d
082 0 4 |a 370.1  |b SCH  |2 21 
100 0 |a Schiller, Johann Christoph Friedrich  |e author  |9 579071 
245 1 3 |a La educación estética del hombre 
250 |a 4a. ed 
300 |a 139 p 
942 |c BK 
945 |d 20150409 10:07:00  |a arojas 
260 |a Madrid  |b Espasa Calpe  |c 1968 
650 0 |a Filosofía del arte  |9 264951 
650 0 |a Estética   |9 264950 
650 7 |a HOMBRE  |2 CL-VaPUC  |9 262149 
650 0 |a Filosofía de la educación   |9 258384 
583 |a last modification  |c 20150409 10:07:00  |k Rodrigo Vera 
490 0 |a Colección Austral, 237 
999 |c 358740  |d 358738 
952 |0 0  |1 0  |3 erb  |4 0  |6 370_100000000000000_SCH_1968  |7 0  |8 A  |9 467629  |a BIBEDU  |b BIBEDU  |i 5158583  |l 3  |o 370.1 SCH 1968  |p 5158583  |r 2022-05-25  |s 2022-05-25  |w 2019-11-23  |y BK  |z Catalogado en:20150409  |k EDU